| 000 | 01116nam a2200265 i 4500 | ||
|---|---|---|---|
| 001 | bg | ||
| 100 | 1 | _aKUŹNIAR, Krystyna | |
| 245 | 1 | 0 |
_aAnaliza drgań budynków ścianowych o średniej wysokości podlegających wstrząsom górniczym z wykorzystaniem sieci neuronowych / _cKrystyna Kuźniar. |
| 260 |
_aKraków : _bWydaw. Politechniki Krakowskiej, _c2004. |
||
| 300 |
_a167 s. : _brys., wykr. ; _c24 cm. |
||
| 490 | 1 | _aMonografia / Politechnika Krakowska im. Tadeusza Kościuszki. Inżynieria Lądowa | |
| 500 | _aISSN i nr serii gł.: 0860-097X ; 310. - Streszcz. ang., niem. | ||
| 504 | _aBibliogr. | ||
| 650 | 9 |
_aDrgania _xbadanie _xmetody |
|
| 650 | 9 |
_aKonstrukcje budowlane _xmechanika _xbadanie |
|
| 650 | 9 |
_aMechanika gruntów _xbadanie |
|
| 650 | 9 |
_aSieci neuronowe _xstosowanie _xtechnika |
|
| 650 | 9 | _aSzkody górnicze a budownictwo | |
| 830 | 0 |
_aMonografia (Politechnika Krakowska im. Tadeusza Kościuszki). _pInżynieria Lądowa |
|
| 040 | _cBPK | ||
| 041 | 0 |
_apol _bengger |
|
| 080 | _a624.012.4:534:622.83/.84:624.131:004.032.26 | ||
| 942 | _cKS | ||
| 008 | s pl f |000 0 pol | ||
| 999 |
_c46330 _d46330 |
||
| 856 |
_uhttp://koha.tu.koszalin.pl/cgi-bin/koha/opac-detail.pl?biblionumber=46330 _yKatalog online BPK |
||